Joc dels primers auxilis [Fitxer informàtic]
Descripción Física:
1 disc òptic (CD-ROM) : col. ; 12 cm
Materias:
Primers auxilis -- Ensenyament
MARC
| LEADER | 00000nam a2200000Ia 4500 | ||
|---|---|---|---|
| 001 | 22881 | ||
| 008 | 160829s2010 xx 000 0 cat d | ||
| 080 | |a CD-2-28 | ||
| 245 | |a Joc dels primers auxilis [Fitxer informàtic] | ||
| 250 | |a 2a ed. | ||
| 260 | |a Barcelona : |b Diputació de Barcelona : |b Creu Roja, |c 2010 | ||
| 300 | |a 1 disc òptic (CD-ROM) : |b col. ; |c 12 cm | ||
| 590 | |a Requeriments del sistema: Pentium 2, 366MHz, 128 Mb RAM, Windows 98, 200 Mb d'espai lliure en el disc dur, altaveus o auriculars. | ||
| 650 | |a Primers auxilis |x Ensenyament |9 46450 | ||
| 710 | |a Barcelona (Catalunya : Província). |b Servei de Salut Pública i Consum |9 8151 | ||
| 710 | 2 | |a Creu Roja Espanyola |9 55245 | |
| 901 | |a Arxiu | ||
| 942 | |n 1 | ||
| 952 | |0 0 |1 0 |4 0 |6 CD228 |7 1 |9 53041 |a Arxiu |b Arxiu |d 2016-12-01 |l 0 |o CD-2-28 |p 22881 |r 2016-12-01 00:00:00 |w 2016-12-01 |y ARXIU | ||
| 999 | |c 56890 |d 56890 | ||